| 000 | 00487nam a2200193Ia 4500 | ||
|---|---|---|---|
| 005 | 20250423094801.0 | ||
| 008 | 250422s9999 xx 000 0 und d | ||
| 020 | _a9781133313915 | ||
| 050 | _aBF 311 .S74/ | ||
| 100 | _aSternberg, Robert J. | ||
| 245 | 0 | _aCognitive psychology | |
| 250 | _a6th ed. | ||
| 260 | _aWadsworth | ||
| 260 | _bCengage Learning | ||
| 260 | _c2012 | ||
| 300 | _a609 p | ||
| 650 | _a Cognition--Textbooks. Cognitive psychology--Textbooks. | ||
| 942 | _cBK | ||
| 999 |
_c28284 _d28284 |
||